Chambers 21st Century Dictionary / (Record no. 184427)
[ view plain ]
| 000 -LEADER | |
|---|---|
| fixed length control field | 00393 a2200157 4500 |
| 003 - CONTROL NUMBER IDENTIFIER | |
| control field | Nust |
| 005 - DATE AND TIME OF LATEST TRANSACTION | |
| control field | 20240122124638.0 |
| 040 ## - CATALOGING SOURCE | |
| Transcribing agency | Nust |
| 082 ## - DEWEY DECIMAL CLASSIFICATION NUMBER | |
| Classification number | 423,CHA |
| 245 ## - TITLE STATEMENT | |
| Title | Chambers 21st Century Dictionary / |
| 250 ## - EDITION STATEMENT | |
| Remainder of edition statement | Edited by Mairi Robinson |
| 260 ## - PUBLICATION, DISTRIBUTION, ETC. | |
| Place of publication, distribution, etc. | London |
| Name of publisher, distributor, etc. | Chambers |
| Date of publication, distribution, etc. | 1996 |
| 300 ## - PHYSICAL DESCRIPTION | |
| Extent | 1654p. |
| 650 ## - SUBJECT ADDED ENTRY--TOPICAL TERM | |
| Topical term or geographic name entry element | Chambers 21 centuary dictionary |
| 9 (RLIN) | 120013 |
| 942 ## - ADDED ENTRY ELEMENTS (KOHA) | |
| Source of classification or shelving scheme | |
| Koha item type | Book |
| Call number prefix | 423,CHA |
| Withdrawn status | Lost status | Source of classification or shelving scheme | Damaged status | Not for loan | Permanent Location | Current Location | Shelving location | Date acquired | Full call number | Barcode | Date last seen | Price effective from | Koha item type | Public note |
|---|---|---|---|---|---|---|---|---|---|---|---|---|---|---|
| Military College of Signals (MCS) | Military College of Signals (MCS) | Dictionaries | 12/12/2016 | 423,CHA | MCS31211 | 12/08/2016 | 12/12/2016 | Book | Almirah No.12, Shelf No.2 |
